Introduction to the theory of computation / (Record no. 7776)

MARC details
000 -LEADER
fixed length control field 01217cam a2200301 a 4500
001 - CONTROL NUMBER
control field 4945392
003 - CONTROL NUMBER IDENTIFIER
control field OSt
005 - DATE AND TIME OF LATEST TRANSACTION
control field 20220302153013.0
008 - FIXED-LENGTH DATA ELEMENTS--GENERAL INFORMATION
fixed length control field 960906s1997 maua b 001 0 eng
010 ## - LIBRARY OF CONGRESS CONTROL NUMBER
LC control number 96035322
020 ## - INTERNATIONAL STANDARD BOOK NUMBER
International Standard Book Number 053494728X
040 ## - CATALOGING SOURCE
Original cataloging agency DLC
Transcribing agency DLC
Modifying agency DLC
050 00 - LIBRARY OF CONGRESS CALL NUMBER
Classification number QA267
Item number .S56 1997
082 00 - DEWEY DECIMAL CLASSIFICATION NUMBER
Classification number 511.3 SIP 1997
100 1# - MAIN ENTRY--PERSONAL NAME
Personal name Sipser, Michael.
9 (RLIN) 15845
245 10 - TITLE STATEMENT
Title Introduction to the theory of computation /
Statement of responsibility, etc. Michael Sipser.
260 ## - PUBLICATION, DISTRIBUTION, ETC. (IMPRINT)
Place of publication, distribution, etc. Boston :
Name of publisher, distributor, etc. PWS Pub. Co.,
Date of publication, distribution, etc. c1997.
300 ## - PHYSICAL DESCRIPTION
Extent xv, 396 p. :
Other physical details ill. ;
Dimensions 25 cm.
504 ## - BIBLIOGRAPHY, ETC. NOTE
Bibliography, etc Includes bibliographical references (p. 381-385) and index.
650 #0 - SUBJECT ADDED ENTRY--TOPICAL TERM
Topical term or geographic name as entry element Machine theory.
9 (RLIN) 15846
650 #0 - SUBJECT ADDED ENTRY--TOPICAL TERM
Topical term or geographic name as entry element Computational complexity.
9 (RLIN) 11599
856 42 - ELECTRONIC LOCATION AND ACCESS
Materials specified Contributor biographical information
Uniform Resource Identifier http://www.loc.gov/catdir/enhancements/fy1514/96035322-b.html
856 42 - ELECTRONIC LOCATION AND ACCESS
Materials specified Publisher description
Uniform Resource Identifier http://www.loc.gov/catdir/enhancements/fy1514/96035322-d.html
856 41 - ELECTRONIC LOCATION AND ACCESS
Materials specified Table of contents only
Uniform Resource Identifier http://www.loc.gov/catdir/enhancements/fy1514/96035322-t.html
906 ## - LOCAL DATA ELEMENT F, LDF (RLIN)
a 7
b cbc
c orignew
d 1
e ocip
f 19
g y-gencatlg
942 ## - ADDED ENTRY ELEMENTS (KOHA)
Source of classification or shelving scheme Dewey Decimal Classification
Koha item type Open Shelf
Holdings
Withdrawn status Lost status Source of classification or shelving scheme Damaged status Not for loan Home library Current library Date acquired Source of acquisition Inventory number Total Checkouts Full call number Barcode Date last seen Price effective from Koha item type
    Dewey Decimal Classification     MUST Main Library MUST Main Library 02/03/2022 Purchase 05/23914   511.3 SIP 1997 2022-0378 02/03/2022 02/03/2022 Open Shelf
    Dewey Decimal Classification     MUST Main Library MUST Main Library 02/03/2022 Purchase 05/23915   511.3 SIP 1997 2022-0379 02/03/2022 02/03/2022 Open Shelf
    Dewey Decimal Classification     MUST Main Library MUST Main Library 02/03/2022 Purchase 04/22981   511.3 SIP 1997 2022-0380 02/03/2022 02/03/2022 Open Shelf
    Dewey Decimal Classification     MUST Main Library MUST Main Library 02/03/2022 Purchase 04/21871   511.3 SIP 1997 2022-0381 02/03/2022 02/03/2022 Open Shelf